000 00278nam a22001217a 4500
008 170204b xxu||||| |||| 00| 0 eng d
041 _aeng
080 _a61
100 _a3
101 _aSHM
245 _aSEMUNDJET E VESHIT TE HUNDES DHE TE GRYKES
_cTRIMCEV, S
942 _2udc
_cBK
999 _c4627
_d4627